Statystyki dla Kluby które wygrały ekstraklasę na przestrzeni 15 lat

Kliknij tutaj aby rozwiązać quiz!

Ogólne statystyki

  • Ten quiz został rozwiązany 71 razy
  • Średni wynik to 14 z 15

Statystyki odpowiedzi

HintOdpowiedź% Poprawnych
2022Lech Poznań
98%
2015Lech Poznań
98%
2010Lech Poznań
98%
2021Legia Warszawa
97%
2020Legia Warszawa
97%
2018Legia Warszawa
97%
2017Legia Warszawa
97%
2016Legia Warszawa
97%
2014Legia Warszawa
97%
2013Legia Warszawa
97%
2011Wisła Kraków
89%
2009Wisła Kraków
89%
2008Wisła Kraków
89%
2019Piast Gliwice
85%
2012Śląsk Wrocław
78%

Rozkład punktacji

Percentyl według liczby udzielonych odpowiedzi

Procent ludzi z każdym wynikiem

Twoja historia wyników

Nie rozwiązałeś tego quizu